Matemática 3º medio: guía didáctica para el profesor

Na minha lista:
Detalhes bibliográficos
Autor principal: Medina, Carmen Gloria (autora)
Formato: Livro
Idioma:espanhol
Publicado em: Santiago Mare Nostrum 2006
Edição:3a. ed
Assuntos:
Tags: Adicionar Tag
Sem tags, seja o primeiro a adicionar uma tag!

MARC

LEADER 00000nam a2200000 a 4500
001 UCK9725
003 CL-VaPUC
008 060519e20060000CL |||||||||||||||||spa|d
020 |a 9562941388 
082 0 4 |a 510.712  |b MED  |2 21 
100 |a Medina, Carmen Gloria  |e autora  |9 520662 
245 1 0 |a Matemática 3º medio: guía didáctica para el profesor 
250 |a 3a. ed 
300 |a 64 p 
942 |c BK 
945 |d 20060519 00:00:00  |a jtorresc 
260 |a Santiago  |b Mare Nostrum  |c 2006 
650 0 |a Matemáticas  |x Enseñanza  |9 875527 
650 0 |a Libros de texto  |9 270019 
650 0 |a Métodos de enseñanza  |9 270413 
583 |a last modification  |c 20170821 03:45:06  |k Rodrigo Vera 
999 |c 316792  |d 316790 
952 |0 0  |1 0  |4 0  |6 510_712000000000000_MED_2006  |7 0  |8 A  |9 392133  |a BIBMAT  |b BIBMAT  |c E_DIDACT  |d 2019-11-22  |i 4232739  |o 510.712 MED 2006  |p 4232739  |r 2025-01-07  |w 2019-11-22  |y BK  |k MAT 
952 |0 0  |1 0  |4 0  |6 510_712000000000000_MED_2006  |7 0  |8 A  |9 392139  |a BIBMAT  |b BIBMAT  |c E_DIDACT  |d 2019-11-22  |i 4465784  |o 510.712 MED 2006  |p 4465784  |r 2025-01-07  |w 2019-11-22  |y BK  |k MAT